Famous Jims - Statistics

General Stats
  • This quiz has been taken 27 times
  • The average score is 11 of 16
Answer Stats
Picture Answer % Correct
Brown
96%
Carrey
96%
Carter
96%
Hendrix
96%
Morrison
92%
Henson
88%
Kimmel
75%
Dean
71%
Belushi
67%
Fallon
63%
Parsons
58%
Franco
54%
Neutron
46%
McAvoy
42%
Harden
38%
Rodriguez
29%
No matching quizzes found
Score Distribution
Percent of People with Each Score
Percentile by Number Answered
Your Score History
You have not taken this quiz